<?xml version="1.0" encoding="UTF-8"?>
<record
    xmlns:xsi="http://www.w3.org/2001/XMLSchema-instance"
    xsi:schemaLocation="http://www.loc.gov/MARC21/slim http://www.loc.gov/standards/marcxml/schema/MARC21slim.xsd"
    xmlns="http://www.loc.gov/MARC21/slim">

  <leader>00919nam a22002417a 4500</leader>
  <datafield tag="999" ind1=" " ind2=" ">
    <subfield code="c">65169</subfield>
    <subfield code="d">65169</subfield>
  </datafield>
  <controlfield tag="005">20240530110810.0</controlfield>
  <controlfield tag="008">190421s2007    ua a   f      000 0dara d</controlfield>
  <datafield tag="017" ind1=" " ind2=" ">
    <subfield code="a">2007/25479</subfield>
    <subfield code="b">&#x645;&#x635;&#x631; . &#x62F;&#x627;&#x631; &#x627;&#x644;&#x643;&#x62A;&#x628;</subfield>
  </datafield>
  <datafield tag="020" ind1=" " ind2=" ">
    <subfield code="a">9774375548</subfield>
  </datafield>
  <datafield tag="040" ind1=" " ind2=" ">
    <subfield code="a">EG-CaGPL</subfield>
  </datafield>
  <datafield tag="082" ind1="0" ind2="4">
    <subfield code="2">21</subfield>
    <subfield code="a">792.028/</subfield>
    <subfield code="b">&#x627; &#x62C;</subfield>
  </datafield>
  <datafield tag="100" ind1="1" ind2=" ">
    <subfield code="a">&#x627;&#x635;&#x644;&#x627;&#x646; &#x60C; &#x627;&#x648;&#x62F;&#x64A;&#x62A;</subfield>
  </datafield>
  <datafield tag="245" ind1="1" ind2="2">
    <subfield code="a">&#x627;&#x644;&#x62C;&#x633;&#x62F; &#x648;&#x627;&#x644;&#x627;&#x62F;&#x627;&#x621; &#x627;&#x644;&#x645;&#x633;&#x631;&#x62D;&#x649; /</subfield>
    <subfield code="c">&#x62A;&#x62C;&#x645;&#x64A;&#x639; &#x627;&#x648;&#x62F;&#x64A;&#x62A; &#x627;&#x635;&#x644;&#x627;&#x646; &#x61B; &#x62A;&#x631;&#x62C;&#x645;&#x629; &#x645;&#x646;&#x649; &#x635;&#x641;&#x648;&#x62A; &#x61B; &#x645;&#x631;&#x627;&#x62C;&#x639;&#x629; &#x646;&#x627;&#x62F;&#x64A;&#x629; &#x643;&#x627;&#x645;&#x644;</subfield>
    <subfield code="n">&#x627;&#x644;&#x62C;&#x632;&#x621; &#x627;&#x644;&#x627;&#x648;&#x644;</subfield>
  </datafield>
  <datafield tag="250" ind1=" " ind2=" ">
    <subfield code="a">&#x637; . 1</subfield>
  </datafield>
  <datafield tag="260" ind1=" " ind2=" ">
    <subfield code="a">&#x627;&#x644;&#x642;&#x627;&#x647;&#x631;&#x629; :</subfield>
    <subfield code="b">&#x645;&#x637;&#x627;&#x628;&#x639; &#x627;&#x644;&#x645;&#x62C;&#x644;&#x633; &#x627;&#x644;&#x627;&#x639;&#x644;&#x649; &#x644;&#x644;&#x644;&#x627;&#x62B;&#x627;&#x631; &#x60C;</subfield>
    <subfield code="c">2007</subfield>
  </datafield>
  <datafield tag="300" ind1=" " ind2=" ">
    <subfield code="a">462 &#x635;. :</subfield>
    <subfield code="b">&#x627;&#x64A;&#x636;. &#x61B;</subfield>
    <subfield code="c">24 &#x633;&#x645;.</subfield>
  </datafield>
  <datafield tag="650" ind1="0" ind2="7">
    <subfield code="a">&#x627;&#x644;&#x627;&#x62F;&#x627;&#x621; &#x627;&#x644;&#x645;&#x633;&#x631;&#x62D;&#x649; </subfield>
  </datafield>
  <datafield tag="650" ind1="0" ind2="7">
    <subfield code="a">&#x62A;&#x635;&#x645;&#x64A;&#x645; &#x627;&#x644;&#x631;&#x642;&#x635;&#x627;&#x62A;</subfield>
  </datafield>
  <datafield tag="700" ind1="0" ind2=" ">
    <subfield code="a">&#x645;&#x646;&#x649; &#x635;&#x641;&#x648;&#x62A;</subfield>
    <subfield code="e">&#x62A;&#x631;&#x62C;&#x645;&#x629;</subfield>
  </datafield>
  <datafield tag="700" ind1="0" ind2=" ">
    <subfield code="a">&#x646;&#x627;&#x62F;&#x64A;&#x629; &#x643;&#x627;&#x645;&#x644;</subfield>
    <subfield code="e">&#x645;&#x631;&#x627;&#x62C;&#x639;&#x629;</subfield>
  </datafield>
  <datafield tag="942" ind1=" " ind2=" ">
    <subfield code="2">ddc</subfield>
    <subfield code="c">BK</subfield>
  </datafield>
  <datafield tag="952" ind1=" " ind2=" ">
    <subfield code="0">0</subfield>
    <subfield code="1">0</subfield>
    <subfield code="4">0</subfield>
    <subfield code="7">0</subfield>
    <subfield code="a">CAI</subfield>
    <subfield code="b">CAI</subfield>
    <subfield code="c">ART-LIBRARY</subfield>
    <subfield code="d">2019-04-21</subfield>
    <subfield code="l">0</subfield>
    <subfield code="o">792.028/ &#x627; &#x62C;</subfield>
    <subfield code="p">165824</subfield>
    <subfield code="r">2019-04-21 00:00:00</subfield>
    <subfield code="w">2019-04-21</subfield>
    <subfield code="y">BK</subfield>
  </datafield>
  <datafield tag="952" ind1=" " ind2=" ">
    <subfield code="0">0</subfield>
    <subfield code="1">0</subfield>
    <subfield code="4">0</subfield>
    <subfield code="7">0</subfield>
    <subfield code="a">CAI</subfield>
    <subfield code="b">CAI</subfield>
    <subfield code="c">ART-LIBRARY</subfield>
    <subfield code="d">2019-04-21</subfield>
    <subfield code="l">0</subfield>
    <subfield code="o">792.028/ &#x627; &#x62C;</subfield>
    <subfield code="p">165826</subfield>
    <subfield code="r">2019-04-21 00:00:00</subfield>
    <subfield code="w">2019-04-21</subfield>
    <subfield code="y">BK</subfield>
  </datafield>
</record>
